[Event "FRA-ch Accession"]
[Site "Besancon"]
[Date "2006.08.16"]
[Round "2"]
[White "Laporte, Martine"]
[Black "Waligova, Denis"]
[Result "0-1"]
[WhiteElo "1540"]
[BlackElo "1700"]
[PlyCount "106"]
[EventDate "2006.08.15"]
[EventType "swiss"]
[EventRounds "10"]
[EventCountry "FRA"]
[SourceTitle "CBM 113 Extra"]
[Source "ChessBase"]
[SourceDate "2006.09.14"]
[SourceVersion "1"]
[SourceVersionDate "2006.09.14"]
[SourceQuality "1"]

1. b3 Nf6 2. Bb2 e6 3. e3 d5 4. Nf3 Be7 5. c4 c6 6. Be2 0-0 7. 0-0 Nbd7 8. d3 Re8 9. Ne5 Nxe5 10. Bxe5 Bd6 11. Bxd6 Qxd6 12. Nd2 e5 13. d4 exd4 14. exd4 dxc4 15. Nxc4 Qc7 16. Bf3 Be6 17. Re1 Rad8 18. Ne3 Qb6 19. Ng4 Nxg4 20. Bxg4 Qxd4 21. Qxd4 Rxd4 22. Bxe6 Rxe6 23. Kf1 Kf8 24. Re2 Ke7 25. f3 h5 26. Rae1 Rdd6 27. Kf2 Rxe2+ 28. Rxe2+ Re6 29. Rd2 f6 30. Rd4 c5 31. Rd5 Re5 32. Rd2 g6 33. Rc2 Rd5 34. Ke3 f5 35. f4 b6 36. a4 a5 37. h4 Rd4 38. g3 Kd6 39. Rc4 Kd5 40. Rc1 c4 41. bxc4+ Rxc4 42. Rb1 Kc5 43. Ra1 Rc3+ 44. Kf2 Kb4 45. Rb1+ Rb3 46. Ra1 b5 47. axb5 Kxb5 48. Rd1 a4 49. Rd5+ Kc4 50. Rd6 a3 51. Rxg6 a2 52. Rc6+ Kb4 53. Rb6+ Ka3 0-1

[Event "FRA-chT2W 0203"]
[Site "France"]
[Date "2002.11.17"]
[Round "3"]
[White "Le Bail, Clara"]
[Black "Laporte, Martine"]
[Result "1-0"]
[WhiteElo "1710"]
[BlackElo "1140"]
[PlyCount "89"]
[EventDate "2002.10.??"]
[EventType "team"]
[EventRounds "11"]
[EventCountry "FRA"]
[SourceTitle "EXT 2004"]
[Source "ChessBase"]
[SourceDate "2003.11.25"]
[SourceVersion "1"]
[SourceVersionDate "2003.11.25"]
[SourceQuality "1"]
[WhiteTeam "Rennes"]
[BlackTeam "Bordeaux II"]
[WhiteTeamCountry "FRA"]
[BlackTeamCountry "FRA"]

1. e4 d6 2. d4 Nf6 3. Bd3 c6 4. h3 Qa5+ 5. c3 e5 6. dxe5 dxe5 7. Nf3 Nbd7 8. Be3 Be7 9. 0-0 0-0 10. Nbd2 Qc7 11. Bc2 Bc5 12. Nc4 Bxe3 13. Nxe3 Nc5 14. Nc4 Ncd7 15. Qd6 Qxd6 16. Nxd6 b5 17. Nh4 g6 18. Nxc8 Raxc8 19. Rad1 Nc5 20. Nf3 Rfe8 21. Rfe1 a5 22. Rd6 Kg7 23. a3 Nb7 24. Rd2 Rcd8 25. Red1 Nd7 26. Rxd7 Rxd7 27. Rxd7 Nd8 28. Nxe5 Rxe5 29. Rxd8 c5 30. Ra8 b4 31. Rxa5 bxa3 32. bxa3 Kf6 33. a4 Ke7 34. Ra7+ Kf6 35. a5 c4 36. Kf1 Ke6 37. f3 Rb5 38. Ke2 h5 39. a6 Ra5 40. Rc7 Rxa6 41. Rxc4 f6 42. Ra4 Rb6 43. Rb4 Ra6 44. Bb3+ Ke5 45. Bf7 1-0